Arte, pensamiento simbólico y modos de vida en la prehistoria /

Detalles Bibliográficos
Otros Autores: Marín Arroyo, Ana Belén, 1977- (Editor), Diez Castillo, Agustín (Editor), Moro Abadía, Óscar (Editor)
Formato: Electrónico eBook
Lenguaje:español
Publicado: Santander : Ediciones Universidad Cantabria, [2024]
Colección:Colección Heri ; #15.
Materias:
Acceso en línea:Digitalia Hispánica

MARC

LEADER 00000nam a2200000Ii 4500
001 DIGUCANT0190
003 NyNyDIG
006 m o d
007 cr |||||||||||
008 241208s2024 sp a ob 000 0 spa d
035 |a (OCoLC)1452781731 
040 |a DGITA  |b eng  |e rda  |e pn  |c DGITA 
020 |a 9788419024701  |q (pdf) 
020 |z 9788419024695  |q (rústica) 
041 0 |a spa  |b spa  |b eng 
050 1 4 |a N5310 ebook 
245 0 0 |a Arte, pensamiento simbólico y modos de vida en la prehistoria /  |c Ana B. Marín-Arroyo, Agustín Diez Castillo, Óscar Moro Abadía, (eds.). 
264 1 |a Santander :  |b Ediciones Universidad Cantabria,  |c [2024] 
300 |a 1 online resource :  |b illustrations. 
336 |a text  |b txt  |2 rdacontent 
337 |a computer  |b c  |2 rdamedia 
338 |a online resource  |b cr  |2 rdacarrier 
347 |a text file  |2 rdaft 
347 |b PDF 
490 1 |a Colección Heri ;  |v #15 
504 |a Includes bibliographical references. 
546 |a Text in Spanish with abstract in Spanish and English in each chapter. 
588 0 |a Online resource; title from PDF title page (Digitalia, viewed December 8, 2024) 
650 0 |a Art, Prehistoric. 
650 0 |a Ethnoarchaeology. 
700 1 |a Marín Arroyo, Ana Belén,  |d 1977-  |e editor. 
700 1 |a Diez Castillo, Agustín,  |e editor. 
700 1 |a Moro Abadía, Óscar,  |e editor. 
776 0 8 |i Print version:  |t Arte, pensamiento simbólico y modos de vida en la prehistoria.  |d Santander : Ediciones Universidad Cantabria, [2024]  |z 9788419024695 
791 2 |a Digitalia (Firm),  |e distributor. 
793 0 |g Digitalia eBook Collection:  |a Universidad de Cantabria 
830 0 |a Colección Heri ;  |v #15. 
856 4 0 |3 Digitalia Hispánica  |u https://www.digitaliapublishing.com/a/159291/ 
910 |a Premium collection: 2024